Структура и механические свойства неразъемных соединений стали 09Г2С, полученных методом гибридной лазерной сварки; Перспективы развития фундаментальных наук; Т. 1 : Физика

Bibliografiske detaljer
Parent link:Перспективы развития фундаментальных наук=Prospects of Fundamental Sciences Development: сборник научных трудов XVI Международной конференции студентов, аспирантов и молодых ученых, г. Томск, 23-26 апреля 2019 г./ Национальный исследовательский Томский политехнический университет (ТПУ) ; под ред. И. А. Курзиной, Г. А. Вороновой.— , 2019
Т. 1 : Физика.— 2019.— [С. 295-297]
Hovedforfatter: Ступаков А. Н.
Institution som forfatter: Национальный исследовательский Томский политехнический университет (ТПУ)
Andre forfattere: Малюк А. П. (научный руководитель), Тарасов С. Ю. Сергей Юльевич
Summary:Заглавие с экрана
The structure of welded joints of steel 13Mn6 obtained by hybrid laser welding was investigated by optical microscopy. The mechanical properties of the joints were determined by tensile tests across the seam. The conducted researches show high quality of welds, absence of large defects and high indexes of mechanical properties.
Sprog:russisk
Udgivet: 2019
Fag:
Online adgang:http://earchive.tpu.ru/handle/11683/55851
Format: MixedMaterials Electronisk Book Chapter
KOHA link:https://koha.lib.tpu.ru/cgi-bin/koha/opac-detail.pl?biblionumber=629703

MARC

LEADER 00000naa2a2200000 4500
001 629703
005 20231101133556.0
035 |a (RuTPU)RU\TPU\conf\30446 
035 |a RU\TPU\conf\30444 
090 |a 629703 
100 |a 20190905d2019 k y0rusy50 ca 
101 0 |a rus  |d eng 
102 |a RU 
105 |a y z 100zy 
135 |a drcn ---uucaa 
181 0 |a i  
182 0 |a b 
200 1 |a Структура и механические свойства неразъемных соединений стали 09Г2С, полученных методом гибридной лазерной сварки  |d Structure and mechanical properties of permanent connections of steel 13Mn6 obtained by the method of hybrid laser welding  |f А. Н. Ступаков, А. П. Малюк  |g науч. рук. С. Ю. Тарасов 
203 |a Текст  |c электронный 
230 |a 1 компьютерный файл (pdf; 518 Kb) 
300 |a Заглавие с экрана 
320 |a [Библиогр.: с. 297 (4 назв.)] 
330 |a The structure of welded joints of steel 13Mn6 obtained by hybrid laser welding was investigated by optical microscopy. The mechanical properties of the joints were determined by tensile tests across the seam. The conducted researches show high quality of welds, absence of large defects and high indexes of mechanical properties. 
461 1 |0 (RuTPU)RU\TPU\conf\30347  |t Перспективы развития фундаментальных наук  |l Prospects of Fundamental Sciences Development  |o сборник научных трудов XVI Международной конференции студентов, аспирантов и молодых ученых, г. Томск, 23-26 апреля 2019 г.  |o в 7 т.  |f Национальный исследовательский Томский политехнический университет (ТПУ) ; под ред. И. А. Курзиной, Г. А. Вороновой  |d 2019 
463 1 |0 (RuTPU)RU\TPU\conf\30348  |t Т. 1 : Физика  |v [С. 295-297]  |d 2019 
510 1 |a Structure and mechanical properties of permanent connections of steel 13Mn6 obtained by the method of hybrid laser welding  |z eng 
610 1 |a электронный ресурс 
610 1 |a труды учёных ТПУ 
610 1 |a структура 
610 1 |a механические свойства 
610 1 |a неразъемные соединения 
610 1 |a стали 
610 1 |a 09Г2С 
610 1 |a гибридная сварка 
610 1 |a лазерная сварка 
700 1 |a Ступаков  |b А. Н. 
701 1 |a Малюк  |b А. П. 
702 1 |a Тарасов  |b С. Ю.  |c специалист в области машиностроения  |c профессор Томского политехнического университета, доктор технических наук  |f 1959-  |g Сергей Юльевич  |2 stltpush  |4 727 
712 0 2 |a Национальный исследовательский Томский политехнический университет (ТПУ)  |c (2009- )  |2 stltpush  |3 (RuTPU)RU\TPU\col\15902 
801 2 |a RU  |b 63413507  |c 20190925  |g RCR 
856 4 |u http://earchive.tpu.ru/handle/11683/55851 
942 |c BK